| 000 | 01377nam a2200301 i 4500 | ||
|---|---|---|---|
| 003 | EG-ScBUE | ||
| 005 | 20231121114938.0 | ||
| 008 | 100726s1961 u b f b 000 0 ara d | ||
| 040 |
_aEG-ScBUE _bara _erda _cEG-ScBUE _dEG-ScBUE |
||
| 082 | 1 | 0 |
_222 _a949.5013 _bر ن س |
| 100 | 1 |
_916830 _aرنسيمان، ستيفن، _d1903-2000، _eمؤلف. |
|
| 240 | 1 | 0 |
_aByzantine civilization. _larabic |
| 245 | 1 | 2 |
_aالحضارة البيزنطية / _cتأليف ستيفن رنسيمان ؛ ترجمة عبد العزيز توفيق جاويد ؛ وراجعه زكي علي. |
| 264 | 1 |
_aالقاهرة : _bمكتبة النهضة المصرية، _c1961. |
|
| 300 |
_a404 صفحة : _bخرائط ؛ _c24 سم. |
||
| 336 |
_2rdacontent _aنص _btxt |
||
| 337 |
_aبدون وسيط _2rdamedia _bn |
||
| 338 |
_aمجلد _bnc _2rdacarrier |
||
| 490 | 0 |
_aالألف كتاب ؛ _v379 |
|
| 504 | _aيشتمل على إرجاعات ببليوجرافية. | ||
| 541 |
_aألف باء ؛ _cشراء ؛ |
||
| 546 | _aالنص باللغة العربية وتم ترجمته من اللغة الإنجليزية. | ||
| 650 | 7 |
_916831 _aالإمبراطورية البيزنطية _xتاريخ. _2BUEsh |
|
| 655 | _vReading book | ||
| 700 | 1 |
_916656 _aجاويد، عبد العزيز توفيق، _eمترجم. |
|
| 700 | 1 |
_916834 _aعلي، زكي، _eمراجع. |
|
| 942 |
_2ddc _cBB |
||
| 999 |
_c14558 _d14558 |
||